LEADER 01376nam a2200241 4500 001 000000331616 003 CaOOAMICUS 005 20181217153443.0 008 181210s2006 it a 000 u fre r 020 $a978-2-227-47638-7 040 $aSeMil$bita 110 1 $aÉglise catholique : Conférence épiscopale française : Commission épiscopale de la catéchèse et du catéchuménat.$0(OLS)http://semarc/name/108722 245 10$aDes temps de catéchèse communautaires articulés à l'année liturgique :$bsuggesions pour mettre en ?uvre la décision des évêques /$cService national de la catéchèse et du catéchuménat ; préface de Christopge Dufour. 264 1$aParis :$bBayard,$c2006. 300 $a94 p., [1] c. di tav. :$bill. ;$c21 cm 650 4$aCatechesi liturgica.$0(OLS)http://semarc/subject/3547 700 1 $aDufour, Christophe,$d<1947- >.$0(OLS)http://semarc/name/108667 850 $aSeMil 852 $aSeMil$W1$xVenegono$y1$m2C VII 221$j210942$B224663$CSeMilBibl$Z2$F224663 $81 996 $6020$a978-2-227-47638-7$9(OLS)http://semarc/number/285847 996 $6245$aDes temps de catéchèse communautaires articulés à l'année liturgique :$bsuggesions pour mettre en ?uvre la décision des évêques$9(OLS)http://semarc/title/420339 996 $6264$aParis :$bBayard$9(OLS)http://semarc/publisher/30832 LEADER 01388nam a2200277 i 4500 001 000000200835 003 CaOOAMICUS 005 20201102113159.0 008 110414s2002 it u000 u ita u 013 $a179536 020 $a88-498-0506-3 040 $aSeMil$bita 100 1 $aVirno, Paolo.$0(OLS)http://semarc/name/50705 245 10$aScienze sociali e natura umana :$bfacoltà di linguaggio, invariante biologico, rapporti di produzione /$cPaolo Virno. 264 1$aSoveria Mannelli :$bRubbettino,$c2002. 300 $a95 p. ;$c21 cm. 500 $aIl vol. raccoglie i testi delle lezioni tenute al dottorato di ricerca in Scienza, tecnologia e societa, che fa capo al Dipartimento di Sociologia e di Scienza politica dell'Universita della Calabria. 650 4$aLinguaggio - Studi.$0(OLS)http://semarc/subject/5270 830 0$aRubbettino. Università.$0(OLS)http://semarc/title/10678 850 $aSeMil 852 $aSeMil$W1$xVenegono$y1$m2P II 779$j151364$B151364$CSeMilBibl$Z2$F166665 $81 961 $aOmaggio: Conti don Ermenegildo 996 $6020$a88-498-0506-3$9(OLS)http://semarc/number/193432 996 $6245$aScienze sociali e natura umana :$bfacoltà di linguaggio, invariante biologico, rapporti di produzione$9(OLS)http://semarc/title/290509 996 $6264$aSoveria Mannelli :$bRubbettino$9(OLS)http://semarc/publisher/32145